Kompetenčný profil personálneho manažéra diplomová práca

Salvato in:
Dettagli Bibliografici
Autore principale: Gášpárová, Silvia
Ente Autore: Fakulta podnikového manažmentu EU. Katedra manažmentu
Altri autori: Szarková, Miroslava, 1951-
Natura: Libro
Lingua:slovacco
Pubblicazione: Bratislava 2018
Tags: Aggiungi Tag
Nessun Tag, puoi essere il primo ad aggiungerne!!

MARC

LEADER 00000nbm a2200000 4500
001 0244763
005 20180920130327.7
041 0 |a slo 
044 |a SK 
245 1 0 |a Kompetenčný profil personálneho manažéra  |b diplomová práca  |c Silvia Gášpárová ; školiteľ: Miroslava Szarková 
264 1 |a Bratislava  |c 2018 
300 |a 71 s. 
100 1 |a Gášpárová, Silvia 
700 1 |a Szarková, Miroslava, 1951- 
710 2 |a Fakulta podnikového manažmentu EU. Katedra manažmentu